[Event "AUTO-MASTER-3246"]
[Site "http://www.queenalice.com/game.php?id=1849963"]
[Date "2025.1.7"]
[Round "1"]
[White "checkers4me"]
[Black "askasl159"]
[Result "1-0"]
[WhiteElo "2312"]
[BlackElo "1812"]

1. d4 d5 2. c4 c6 3. Nf3 h6 4. Nc3 Nf6 5. e3 Bf5 6. cxd5 Nxd5 7. Bd3 Bxd3 8.
Qxd3 e6 9. e4 Nxc3 10. bxc3 Bd6 11. O-O O-O 12. Rb1 Nd7 13. c4 b6 14. e5 Bc7 15.
Ba3 Re8 16. Rfd1 f6 17. Qe4 c5 18. dxc5 f5 19. Qc6 Nb8 20. Qxa8 Qe7 21. cxb6 1-0

[Event "AUTO-MASTER-3246"]
[Site "http://www.queenalice.com/game.php?id=1849964"]
[Date "2025.1.7"]
[Round "1"]
[White "askasl159"]
[Black "checkers4me"]
[Result "0-1"]
[WhiteElo "1825"]
[BlackElo "2323"]

1. e4 e5 2. f4 Nc6 3. Nf3 d6 4. Bc4 exf4 5. d4 g5 6. h3 Bg7 7. d5 Ne5 8. Bb3 Bd7
9. Nc3 Qf6 10. Qe2 Qg6 11. Bd2 O-O-O 12. O-O-O Ne7 13. Nxe5 Bxe5 14. h4 Kb8 15.
h5 Qg7 16. g4 fxg3 17. h6 Qg6 18. Qg2 f5 19. exf5 Nxf5 20. Ne4 Nh4 21. Qe2 g2
22. Rhg1 Rde8 23. Bxg5 Bh2 24. Rge1 Rxe4 25. Qxe4 Qxg5+ 26. Kb1 g1=Q 27. Rxg1
Bxg1 0-1

[Event "AUTO-MASTER-3246"]
[Site "http://www.queenalice.com/game.php?id=1849965"]
[Date "2025.1.7"]
[Round "1"]
[White "checkers4me"]
[Black "Canaye14"]
[Result "1-0"]
[WhiteElo "2248"]
[BlackElo "1778"]

1. d4 e6 2. c4 d5 3. Nc3 c5 4. cxd5 exd5 5. dxc5 d4 6. Ne4 Nc6 7. g3 Nf6 8.
Nxf6+ Qxf6 9. Nf3 Bxc5 10. Bg2 O-O 11. O-O Bd7 12. Ng5 Qd8 13. Qc2 f5 14. Qxc5
1-0

[Event "AUTO-MASTER-3246"]
[Site "http://www.queenalice.com/game.php?id=1849966"]
[Date "2025.1.7"]
[Round "1"]
[White "Canaye14"]
[Black "checkers4me"]
[Result "0-1"]
[WhiteElo "1876"]
[BlackElo "2271"]

1. d4 Nf6 2. Nf3 d5 3. h3 Nc6 4. Bf4 Bf5 5. e3 e6 6. a3 a6 7. Nbd2 Bd6 8. Ne5
Bxe5 9. Bxe5 Nxe5 10. dxe5 Nd7 11. Nf3 Be4 12. Bd3 Bxf3 13. gxf3 Nxe5 14. Be2
Nc6 15. c4 d4 16. exd4 Qf6 17. d5 O-O-O 18. Qa4 Nd4 19. Rd1 Qe5 20. Rd2 Nxf3+
21. Kd1 Nxd2 22. Kxd2 exd5 23. c5 Qxb2+ 24. Ke1 Rhe8 25. Qg4+ f5 26. Qxf5+ Kb8
27. Qf3 Qc1# 0-1

[Event "AUTO-MASTER-3248"]
[Site "http://www.queenalice.com/game.php?id=1850681"]
[Date "2025.1.20"]
[Round "1"]
[White "CCapivara"]
[Black "checkers4me"]
[Result "0-1"]
[WhiteElo "2198"]
[BlackElo "2298"]

1. e4 e5 2. Nf3 Nc6 3. Bb5 Nf6 4. d3 d6 5. Bg5 Bd7 6. O-O Be7 7. Nc3 O-O 8. Bxf6
Bxf6 9. Nd5 Be6 10. c3 Bxd5 11. exd5 Ne7 12. c4 c6 13. dxc6 bxc6 14. Ba4 Rb8 15.
Qe2 Qb6 16. Bb3 Nf5 17. g4 Nh4 18. Nxh4 Bxh4 19. Kg2 Bg5 20. Rh1 Bf4 21. h4 a5
22. Rab1 Qc5 23. Qe4 Rb4 24. h5 d5 25. Qe2 Rd8 26. Qc2 a4 27. Bxa4 dxc4 28. dxc4
Rd2 29. Rhd1 Qxf2+ 0-1

[Event "AUTO-MASTER-3248"]
[Site "http://www.queenalice.com/game.php?id=1850682"]
[Date "2025.1.20"]
[Round "1"]
[White "checkers4me"]
[Black "CCapivara"]
[Result "1-0"]
[WhiteElo "2280"]
[BlackElo "2198"]

1. d4 d6 2. c4 Nf6 3. Nc3 c6 4. e4 Qa5 5. Bd2 Qb6 6. Nf3 Bg4 7. Na4 Qc7 8. h3
Bh5 9. Bd3 e5 10. g4 Bg6 11. Qe2 Be7 12. h4 h5 13. g5 Nfd7 14. Nc3 Na6 15. O-O-O
O-O-O 16. a3 exd4 17. Nxd4 Nac5 18. Bc2 f6 19. b4 Na6 20. Ne6 Qb6 21. Na4 1-0

[Event "AUTO-MASTER-3248"]
[Site "http://www.queenalice.com/game.php?id=1850697"]
[Date "2025.1.20"]
[Round "1"]
[White "checkers4me"]
[Black "Numberzero"]
[Result "1-0"]
[WhiteElo "2308"]
[BlackElo "1825"]

1. d4 d5 2. c4 Nf6 3. cxd5 Qxd5 4. Nc3 Qd8 5. e4 e6 6. Nf3 h6 7. Bb5+ Bd7 8. Qe2
Bb4 9. Bd3 O-O 10. O-O Bxc3 11. bxc3 Bc6 12. Ne5 Re8 13. f4 1-0

[Event "AUTO-MASTER-3248"]
[Site "http://www.queenalice.com/game.php?id=1850699"]
[Date "2025.1.20"]
[Round "1"]
[White "checkers4me"]
[Black "Olipika"]
[Result "1-0"]
[WhiteElo "2311"]
[BlackElo "1883"]

1. d4 d5 2. c4 c6 3. Nf3 Nf6 4. Nc3 Bf5 5. e3 e6 6. Nh4 Bb4 7. Nxf5 exf5 8. Qb3
Qb6 9. cxd5 Nxd5 10. Bd2 Nd7 11. Nxd5 Bxd2+ 12. Kxd2 cxd5 13. Bd3 Qf6 14. Qxd5
a6 15. Rac1 Rd8 16. Rc7 Nb6 17. Qxf5 Qxf5 18. Bxf5 O-O 19. Be4 Nd5 20. Bxd5 Rxd5
21. Rxb7 f5 22. g3 h5 23. Rc1 Kh7 24. Rcc7 Rg8 25. Rc5 Rgd8 26. Rxd5 Rxd5 27.
Rb6 Ra5 28. a3 g6 29. Kd3 Ra4 30. Rc6 Kh6 31. Kc3 Kg5 32. Kb3 Ra5 33. Rc5 Rb5+
34. Rxb5 axb5 35. Kb4 1-0

[Event "AUTO-MASTER-3248"]
[Site "http://www.queenalice.com/game.php?id=1850700"]
[Date "2025.1.20"]
[Round "1"]
[White "Olipika"]
[Black "checkers4me"]
[Result "0-1"]
[WhiteElo "1917"]
[BlackElo "2309"]

1. c4 e5 2. Nc3 Nf6 3. d3 d5 4. cxd5 Nxd5 5. g3 Nc6 6. Bg2 Be6 7. Nf3 Be7 8. Bd2
O-O 9. a3 Nxc3 10. Bxc3 f6 11. O-O a5 12. Qa4 Qd7 13. Rac1 Nd4 14. Qxd7 Nxe2+
15. Kh1 Bxd7 16. Rc2 Nxc3 17. Rxc3 c6 18. Re1 Rfe8 19. d4 exd4 20. Nxd4 Bxa3 21.
Rxe8+ Rxe8 22. Bxc6 Bxb2 23. Bxd7 Re1+ 24. Kg2 Bxc3 25. Nf3 Ra1 26. Nh4 a4 0-1

[Event "AUTO-MASTER-3251"]
[Site "http://www.queenalice.com/game.php?id=1851651"]
[Date "2025.2.6"]
[Round "1"]
[White "checkers4me"]
[Black "Pipo712"]
[Result "1-0"]
[WhiteElo "2324"]
[BlackElo "2028"]

1. d4 Nf6 2. c4 g6 3. Nf3 Bg7 4. Nc3 d5 5. cxd5 Nxd5 6. e4 Nxc3 7. bxc3 c5 8.
Be3 cxd4 9. cxd4 Nc6 10. d5 Bxa1 11. Qxa1 O-O 12. dxc6 bxc6 13. Qc3 Be6 14. Bh6
f6 15. Bxf8 Qxf8 16. Bc4 1-0

[Event "AUTO-MASTER-3251"]
[Site "http://www.queenalice.com/game.php?id=1851652"]
[Date "2025.2.6"]
[Round "1"]
[White "Pipo712"]
[Black "checkers4me"]
[Result "0-1"]
[WhiteElo "2032"]
[BlackElo "2320"]

1. e4 e5 2. Nf3 Nc6 3. Bb5 Nf6 4. Nxe5 Nxe5 5. d4 Ng6 6. e5 Nd5 7. O-O c6 8. Be2
d6 9. f4 dxe5 10. fxe5 Be6 11. Bd2 Qb6 12. Qc1 Qxd4+ 13. Kh1 Qxe5 14. c4 Bd6 0-1

[Event "AUTO-MASTER-3251"]
[Site "http://www.queenalice.com/game.php?id=1851653"]
[Date "2025.2.6"]
[Round "1"]
[White "checkers4me"]
[Black "Zeca1955"]
[Result "1-0"]
[WhiteElo "2365"]
[BlackElo "1933"]

1. d4 Nf6 2. c4 e6 3. Nf3 d5 4. Nc3 Bb4 5. e3 O-O 6. Bd3 c5 7. O-O Nc6 8. a3
Bxc3 9. bxc3 Na5 10. Ne5 b6 11. cxd5 exd5 12. f3 Be6 13. a4 Qc7 14. Ba3 Rfe8 15.
Bb5 Re7 16. Re1 h6 17. Qc2 Rd8 18. Rad1 Bc8 19. Bd3 Ree8 20. Qa2 Bb7 21. Bb5 Re6
22. Bd3 Nc6 23. Nxc6 Bxc6 24. a5 Bb7 25. Rb1 c4 26. Bf5 Rc6 27. e4 dxe4 28. fxe4
b5 29. d5 Ra6 30. Rxb5 Rxa5 31. d6 Qc6 32. Rxa5 a6 33. e5 Nd5 34. e6 fxe6 35.
Bxe6+ Kh8 36. Bxd5 Qd7 37. Re7 Qg4 38. Bxb7 Rf8 39. Qd2 Qg6 40. Be4 Qf6 41. Rf5
1-0

[Event "AUTO-MASTER-3251"]
[Site "http://www.queenalice.com/game.php?id=1851654"]
[Date "2025.2.6"]
[Round "1"]
[White "Zeca1955"]
[Black "checkers4me"]
[Result "0-1"]
[WhiteElo "1907"]
[BlackElo "2364"]

1. e4 e5 2. Nf3 Nc6 3. Bb5 Nf6 4. O-O d6 5. c3 Bd7 6. d3 a6 7. Ba4 Be7 8. Nbd2
O-O 9. h3 Rb8 10. Bb3 Na5 11. Re1 c5 12. Nf1 Nxb3 13. Qxb3 h6 14. c4 b5 15. a3
bxc4 16. Qxc4 Be6 17. Qxa6 Qc7 18. Bd2 Ra8 19. Qb5 Rfb8 20. a4 Rxb5 21. axb5 Qb7
22. b6 Rxa1 23. Rxa1 Qxb6 24. Bc3 c4 25. d4 Nxe4 26. dxe5 Qxf2+ 27. Kh1 Bxh3 0-1

[Event "AUTO-MASTER-3252"]
[Site "http://www.queenalice.com/game.php?id=1851957"]
[Date "2025.2.11"]
[Round "1"]
[White "pizzaiolo72"]
[Black "checkers4me"]
[Result "0-1"]
[WhiteElo "2086"]
[BlackElo "2351"]

1. e4 e5 2. Nf3 Nc6 3. Bb5 Nf6 4. O-O Be7 5. Nc3 d6 6. d3 Bd7 7. Bg5 O-O 8. h3
a6 9. Ba4 h6 10. Bh4 b5 11. Bb3 Na5 12. Bxf6 Bxf6 13. Nd5 c6 14. Nxf6+ Qxf6 15.
c3 Qg6 16. Kh2 Rab8 17. Bc2 c5 18. b4 Nc6 19. bxc5 dxc5 20. d4 exd4 21. cxd4
cxd4 22. Nxd4 Qd6+ 0-1

[Event "AUTO-MASTER-3252"]
[Site "http://www.queenalice.com/game.php?id=1851958"]
[Date "2025.2.11"]
[Round "1"]
[White "checkers4me"]
[Black "pizzaiolo72"]
[Result "1-0"]
[WhiteElo "2339"]
[BlackElo "2092"]

1. d4 Nf6 2. c4 g6 3. Nf3 Bg7 4. g3 O-O 5. Bg2 c5 6. d5 b5 7. cxb5 Qa5+ 8. Nc3
a6 9. d6 axb5 10. dxe7 Re8 11. Nd2 Ra7 12. a4 b4 13. Nb3 Qb6 14. a5 Qb5 15. Nxb5
1-0

[Event "AUTO-MASTER-3252"]
[Site "http://www.queenalice.com/game.php?id=1851967"]
[Date "2025.2.11"]
[Round "1"]
[White "checkers4me"]
[Black "Canaye14"]
[Result "1-0"]
[WhiteElo "2344"]
[BlackElo "1958"]

1. d4 e6 2. c4 d5 3. Nc3 Bb4 4. e3 c5 5. Nf3 Nc6 6. Bd3 h6 7. a3 Bxc3+ 8. bxc3
cxd4 9. cxd4 Nge7 10. O-O dxc4 11. Bxc4 Nd5 12. e4 Nb6 13. Bb3 O-O 14. Qd3 Bd7
15. Bd2 Be8 16. Rfc1 Rc8 17. h4 Nd7 18. Rab1 Ne7 19. Rxc8 Qxc8 20. Rc1 Qb8 21.
Bb4 Ng6 22. g3 Nf6 23. e5 Nd5 24. Bxd5 exd5 25. h5 1-0

[Event "AUTO-MASTER-3252"]
[Site "http://www.queenalice.com/game.php?id=1851968"]
[Date "2025.2.11"]
[Round "1"]
[White "Canaye14"]
[Black "checkers4me"]
[Result "0-1"]
[WhiteElo "1960"]
[BlackElo "2338"]

1. d4 Nf6 2. Nf3 d5 3. Bf4 Bf5 4. e3 e6 5. c3 Bd6 6. Bg3 O-O 7. Nbd2 c5 8. Nh4
cxd4 9. Nxf5 exf5 10. cxd4 Nc6 11. a3 f4 12. Bh4 fxe3 13. fxe3 Re8 14. Kf2 Ne4+
15. Nxe4 Qxh4+ 16. Ng3 Bxg3+ 0-1